000 01172pam a22003134a 4500
001 12083140
003 OSt
005 20160408182655.0
008 000627s1999 enka b 001 0 eng d
010 _a 00364566
_z 00456336
020 _a1853466123
040 _aUKM
_cUKM
_dC#P
_dDLC
042 _apcc
043 _ae-uk---
050 0 0 _aLA632
_b.I58 1999
082 0 0 _a370
_221
_bINT 1999
245 0 3 _aAn introduction to the study of education /
_cedited by David Matheson and Ian Grosvenor.
260 _aLondon :
_bD. Fulton Publishers,
_c1999.
300 _avii, 184 p. :
_bill. ;
_c25 cm.
504 _aIncludes bibliographical references and index.
650 0 _aEducation
_zGreat Britain.
_91463
650 0 _aEducation
_xStudy and teaching (Higher)
_zGreat Britain.
_91464
650 0 _aEducation
_xSocial aspects
_zGreat Britain.
_91465
700 1 _aGrosvenor, Ian.
_91466
700 1 _aMatheson, David,
_d1957-
_91467
906 _a7
_bcbc
_corigres
_d2
_encip
_f19
_gy-gencatlg
942 _2ddc
_cSLOAN
999 _c3439
_d3439